000 00809nam a22002057a 4500
003 0
005 20250204123529.0
008 250204b xxu||||| |||| 00| 0 eng d
050 _aPN 1992.9
_b.D56 2024
100 _aDimabayao, Bruce Kevin M.
245 _aAsian seed academy of technology
_ba promotional video
_cBruce Kevin M. Dimabayao and three others.
260 _aLas Pinas City
_bSouthville International School and Colleges
_c2024
300 _av, 142 pages:
_bcolored pictures;
_c28cm.
500 _aBachelor of Arts in Multimedia Arts.
504 _aIncludes bibliographical references and appendices.
650 _aEducational Institutions—Promotion.
650 _aEducational Videos—Production and Direction.
650 _aPromotional Films—Educational Institutions.
942 _2lcc
_cTH
999 _c367108
_d367108